|
|
|
|
| LEADER |
01311aam a22003738a 4500 |
| 001 |
000004977 |
| 003 |
1119 |
| 005 |
20120412090453.0 |
| 008 |
110805s2004 viesd |
| 020 |
|
|
|c 50000đ
|d 800b
|
| 041 |
|
|
|a vie
|
| 082 |
1 |
4 |
|2 14
|a 860
|b CA-A
|
| 084 |
|
|
|a V6(7Cu)7-44
|
| 084 |
|
|
|b S550T
|
| 100 |
1 |
|
|a Carpentier, Alejo
|
| 245 |
|
|
|a Sự tráo trở của phương pháp
|b Tiểu thuyết
|c Alejo Carpentier ; Dịch: Nguyễn Trung Đức, Nguyễn Quốc Dũng
|
| 260 |
|
|
|a H.
|b Văn học
|c 2004
|
| 300 |
|
|
|a 487tr.
|c 19cm
|
| 500 |
|
|
|a Dịch từ nguyên bản tiếng Tây Ban Nha: El recurso del método
|
| 650 |
|
7 |
|2 Bộ TK TVQG
|a Văn học hiện đại
|
| 651 |
|
7 |
|2 Bộ TK TVQG
|a Cu Ba
|
| 655 |
|
7 |
|2 Bộ TK TVQG
|a Tiểu thuyết
|
| 700 |
0 |
|
|a Nguyễn Quốc Dũng
|e dịch
|
| 700 |
0 |
|
|a Nguyễn Trung Đức
|e dịch
|
| OWN |
|
|
|a LSP
|
| AVA |
|
|
|a UDN50
|b LSP
|d 860 CA-A
|e available
|t Error 5001 Not defined in file expand_doc_bib_avail.
|f 5
|g 0
|h N
|i 0
|k 1
|
| 999 |
|
|
|a From the UDN01
|
| AVA |
|
|
|a UDN50
|b LSP
|d 860 CA-A
|e available
|t Error 5001 Not defined in file expand_doc_bib_avail.
|f 5
|g 0
|h N
|i 0
|k 1
|
| TYP |
|
|
|a Monograph
|
| TYP |
|
|
|a Printed language
|
| 980 |
|
|
|a Mạng thư viện Đại học Đà Nẵng
|